| 000 | 01388nam a2200349 a 4500 | ||
|---|---|---|---|
| 001 | ebr10630598 | ||
| 003 | CaPaEBR | ||
| 006 | m u | ||
| 007 | cr cn||||||||| | ||
| 008 | 111028s2012 njua sb 001 0 eng d | ||
| 010 | _z 2011040051 | ||
| 020 | _z0470407328 | ||
| 020 | _z9780470407325 | ||
| 020 | _z9781118243145 (e-book) | ||
| 040 |
_aCaPaEBR _cCaPaEBR |
||
| 035 | _a(OCoLC)804870876 | ||
| 050 | 1 | 4 |
_aTK7871.6 _b.L56 2012eb |
| 082 | 0 | 4 |
_a621.384/135 _223 |
| 100 | 1 |
_aLim, Eng Hock, _d1974- |
|
| 245 | 1 | 0 |
_aCompact multifunctional antennas for wireless systems _h[electronic resource] / _cEng Hock Lim, Kwok Wa Leung. |
| 260 |
_aHoboken, N.J. : _bJohn Wiley & Sons, _cc2012. |
||
| 300 |
_ax, 230 p. : _bill. |
||
| 440 | 0 | _aWiley series in microwave and optical engineering | |
| 504 | _aIncludes bibliographical references and index. | ||
| 533 |
_aElectronic reproduction. _bPalo Alto, Calif. : _cebrary, _d2011. _nAvailable via World Wide Web. _nAccess may be limited to ebrary affiliated libraries. |
||
| 650 | 0 | _aAntennas (Electronics) | |
| 650 | 0 |
_aWireless communication systems _xEquipment and supplies. |
|
| 655 | 7 |
_aElectronic books. _2local |
|
| 700 | 1 |
_aLeung, K. W. _q(Kwok Wa), _d1967- |
|
| 710 | 2 | _aebrary, Inc. | |
| 856 | 4 | 0 |
_uhttp://site.ebrary.com/lib/rucke/Doc?id=10630598 _zAn electronic book accessible through the World Wide Web; click to view |
| 999 |
_c71629 _d71629 |
||